[Event "Titled Tue 19th Dec Early"]
[Site "chess.com INT"]
[Date "2023.12.19"]
[Round "6"]
[White "Carlsen, M."]
[Black "Drygalov, Sergey"]
[Result "1-0"]
[WhiteElo "2830"]
[BlackElo "2547"]
[PlyCount "103"]
[EventDate "2023.12.19"]

1. Nf3 d5 2. c4 c6 3. e3 Nf6 4. Nc3 Nbd7 5. cxd5 Nxd5 ({RR} 5... cxd5 6. d4 a6 7. a4 b6 8. Ne5 e6 9. f4 Bb4 10. Bd2 Bxc3 11. Bxc3 Ne4 12. Bb4 Nxe5 13. dxe5 Qh4+ 14. g3 Nxg3 15. hxg3 Qxh1 16. Qd4 Rb8 17. Bd6 Rb7 18. O-O-O Qe4 19. Qxe4 dxe4 20. Bxa6 {Carlsen,M (2864)-Shirov,A (2697) Chess.com INT 2022 1-0 (34)}) ({RR} 5... cxd5 6. d4 a6 7. Bd3 e6 8. O-O Bd6 9. Qe2 e5 10. e4 O-O 11. dxe5 Nxe5 12. Nxe5 Bxe5 13. Nxd5 Nxd5 14. exd5 Qxd5 15. Qe4 Qxe4 16. Bxe4 Rb8 17. Be3 Be6 18. a4 b5 19. axb5 axb5 20. Rab1 {Arutinian,D (2549)-Drygalov,S (2558) chess.com INT 2024 0-1 (41)}) 6. e4 ({RR} 6. d4 N7f6 7. Bd3 Bg4 8. O-O e6 9. e4 Bxf3 10. Qxf3 Nb4 11. a3 Nxd3 12. Qxd3 Bc5 13. Rd1 Bb6 14. Bg5 h6 15. Bh4 Qd7 16. Qf3 Nh7 17. d5 O-O 18. Qh3 Rfe8 19. e5 cxd5 20. Nxd5 Qa4 {Kanyamarala,T (2171)-Puzyrevsky,S (2246) chess.com INT 2024 0-1}) 6... Nxc3 7. bxc3 $146 ({RR} 7. dxc3 e5 8. Bc4 Be7 9. Ng5 Bxg5 10. Qh5 Qf6 11. Bxg5 Qg6 12. Qxg6 hxg6 13. O-O-O f6 14. Be3 Ke7 15. a4 b6 16. a5 Nc5 17. f3 Be6 18. Bxe6 Kxe6 19. Bxc5 bxc5 20. Rd2 Rad8 21. Rxd8 Rxd8 {Hernando Pertierra,J (2382)-Quevedo Marin,M (2192) San Sebastian 2014 1-0 (42)}) 7... e5 8. d4 exd4 9. cxd4 Bb4+ 10. Bd2 Qa5 11. Bd3 O-O 12. Rb1 Bxd2+ 13. Qxd2 Qxd2+ 14. Kxd2 Nb6 15. Rhc1 Rd8 16. Ke3 Rb8 17. Ne5 Be6 18. a4 f6 19. Nf3 Nxa4 20. Ra1 b5 21. Rxc6 Bd7 22. Rc7 a5 23. Ra7 Ra8 24. Rxd7 Rxd7 25. Bxb5 Nb6 26. Bxd7 Nxd7 27. Nd2 a4 28. Nc4 Kf7 29. f4 Ke7 30. Ra3 h5 31. Kd3 g6 32. Kc3 f5 33. e5 Ke6 34. Ne3 Nb6 35. Kb4 Rd8 36. Kb5 Nd5 37. Nxd5 Kxd5 38. Rxa4 Rb8+ 39. Ka5 Rb2 40. h4 Rxg2 41. Kb6 Rc2 42. Ra5+ Kxd4 43. e6 Rc8 44. Re5 g5 45. hxg5 h4 46. e7 Re8 47. Kc7 h3 48. Kd7 h2 49. Re1 Rh8 50. e8=Q Rh7+ 51. Kd6 h1=Q 52. Qe5+ 1-0

[Event "Titled Tue 19th Dec Early"]
[Site "chess.com INT"]
[Date "2023.12.19"]
[Round "6"]
[White "Nakamura, Hi"]
[Black "Mitrabha, G."]
[Result "1-0"]
[WhiteElo "2788"]
[BlackElo "2508"]
[PlyCount "155"]
[EventDate "2023.12.19"]

1. Nf3 Nf6 2. b3 g6 3. Bb2 Bg7 4. d4 b6 5. e3 Bb7 6. Be2 O-O 7. O-O d6 ({RR} 7... e6 8. c4 d5 9. Nc3 Nbd7 10. cxd5 Nxd5 11. Qc2 c5 12. Nxd5 Bxd5 13. Rad1 Rc8 14. e4 cxd4 15. Qb1 Bb7 16. Nxd4 a6 17. Qa1 e5 18. Nf3 Qe7 19. Nd2 Nc5 20. f3 b5 21. Ba3 Qg5 22. Kh1 {Nakamura,H (2760)-Vachier Lagrave,M (2760) Chess.com INT 2022 1-0 (56)}) 8. c4 e6 9. Qc2 $146 ({RR} 9. Nc3 Ne4 10. Qc2 f5 11. d5 Nxc3 12. Bxc3 e5 13. b4 Nd7 14. Nd2 Nf6 15. a4 Rb8 16. f4 Nd7 17. Nf3 Re8 18. Ng5 Nf8 19. Bd3 Bf6 20. Nh3 Bc8 21. Nf2 exf4 22. exf4 Bd7 23. c5 bxc5 {Martirosyan,H (2616)-Sychev,K (2545) Skopje 2019 1-0 (49)}) 9... Be4 10. Qc1 Bb7 11. Rd1 Nbd7 12. Qc2 Be4 13. Qc1 Bb7 14. b4 a5 15. a3 axb4 16. axb4 Rxa1 17. Bxa1 Qa8 18. Nc3 Ne4 19. Nb5 Rc8 20. Ne1 c6 21. Na3 Qa4 22. f3 Nef6 23. Nec2 d5 24. c5 Ba6 25. Bxa6 Qxa6 26. Bc3 Ne8 27. Qd2 Nc7 28. Ra1 Qb7 29. Rb1 b5 30. Ne1 e5 31. Nac2 Ne6 32. Na1 Qc7 33. Nb3 Re8 34. Nc2 h5 35. Qf2 exd4 36. exd4 Nf4 37. Re1 Rxe1+ 38. Nxe1 Nf8 39. Kf1 N8e6 40. g3 Nh3 41. Qg2 Nhg5 42. h4 Nh7 43. Nc2 f5 44. Qe2 Kf7 45. Be1 Nhf8 46. Bf2 Bf6 47. Ne1 Nd7 48. f4 Nef8 49. Nf3 Qc8 50. Qa2 Qb7 51. Na5 Qa8 52. Qe2 Ne6 53. Be3 Bd8 54. Bd2 Bc7 55. Bc3 Nf6 56. Be1 Ne4 57. Qe3 Kg7 58. Kg2 Kf7 59. Ng1 Ke7 60. Ne2 Kd7 61. Nc1 Qh8 62. Ne2 Bd8 63. Bc3 Bf6 64. Bb2 Bd8 65. Qa3 Bc7 66. Nb3 Qc8 67. Nbc1 Qb7 68. Nd3 Bb8 69. Bc1 Nd8 70. Ng1 Nf7 71. Nf3 Ke7 72. Nfe5 Nxe5 73. fxe5 Qa7 74. Qa5 Kf7 75. Bg5 Qxa5 76. bxa5 Nc3 77. Nb4 Bc7 78. a6 1-0

[Event "Titled Tue 19th Dec Early"]
[Site "chess.com INT"]
[Date "2023.12.19"]
[Round "9"]
[White "Zakhartsov, Vl"]
[Black "Paravyan, D."]
[Result "1-0"]
[WhiteElo "2509"]
[BlackElo "2612"]
[PlyCount "69"]
[EventDate "2023.12.19"]

1. Nf3 d5 2. g3 c5 3. Bg2 Nf6 4. c4 Nc6 5. O-O d4 6. e3 e5 7. exd4 exd4 8. d3 Be7 9. Bf4 O-O 10. Ne5 Nxe5 11. Bxe5 Ng4 12. Bf4 ({RR} 12. Re1 Nxe5 13. Rxe5 Bd6 14. Re1 Bf5 15. Qc2 Qd7 16. Nd2 Rae8 17. Ne4 b6 18. f4 Re7 19. Qf2 Rfe8 20. h3 Bxh3 21. Nxd6 Rxe1+ 22. Rxe1 Rxe1+ 23. Qxe1 Bxg2 24. Nxf7 Bb7 25. Ng5 h6 26. Ne4 Qg4 {Caruana,F (2823)-Anand,V (2779) Saint Louis 2016 ½-½ (37)}) 12... Bd6 13. Bxd6 Qxd6 14. Nd2 Bf5 $146 ({RR} 14... Ne5 15. Re1 Bf5 16. Ne4 Qc7 17. h3 Rae8 18. f4 Nd7 19. Qf3 Bxe4 20. dxe4 f6 21. a3 Re7 22. Bf1 g5 23. h4 Rg7 24. Kf2 Ne5 25. Qh5 gxf4 26. gxf4 Nd3+ 27. Bxd3 Qxf4+ 28. Qf3 Qh2+ {0-1 (28) Hoelzl,F (2420)-Groszpeter,A (2505) Austria 1998}) ({RR} 14... Nf6 15. Ne4 Nxe4 16. Bxe4 Rb8 17. Re1 b6 18. Qf3 Be6 19. Re2 b5 20. b3 bxc4 21. bxc4 Rb6 22. Rae1 g6 23. h4 Rfb8 24. h5 Kg7 25. Qh1 Rb1 26. h6+ Kf8 27. Qh4 Bd7 28. Rxb1 Rxb1+ 29. Kg2 {Cvek,R (2443)-Malek,D (2273) Krakow POL 2025 1-0 (64)}) 15. Ne4 Qh6 16. h4 Qb6 17. Rb1 Rfe8 18. Qd2 Bxe4 19. Bxe4 Nf6 20. Bf3 a5 21. b3 h6 22. a3 Re7 23. b4 axb4 24. axb4 cxb4 25. Rxb4 Qa5 26. Rfb1 Ra7 27. Kg2 g5 28. hxg5 hxg5 29. Ra1 Qxa1 30. Qxg5+ Kf8 31. Qxf6 Re6 32. Qh8+ Ke7 33. c5 Qc3 34. Rxd4 Ra8 35. Rd7+ 1-0

[Event "Titled Tue 19th Dec Late"]
[Site "chess.com INT"]
[Date "2023.12.19"]
[Round "5"]
[White "Nakamura, Hi"]
[Black "Boruchovsky, A."]
[Result "1-0"]
[WhiteElo "2788"]
[BlackElo "2536"]
[PlyCount "97"]
[EventDate "2023.12.19"]

1. Nf3 d5 2. e3 Nf6 3. b3 c5 4. Bb2 g6 5. Bxf6 exf6 6. c3 ({RR} 6. d4 Nc6 7. Be2 Bd6 8. O-O O-O 9. dxc5 Bxc5 10. c3 h5 11. a4 a6 12. Na3 Bg4 13. Nc2 Re8 14. Qd2 Qe7 15. b4 Bd6 16. Qxd5 Rad8 17. Qb3 h4 18. h3 Be6 19. Qb2 f5 20. Rfd1 g5 {Narayanan,S (2535)-Robson,R (2696) chess.com INT 2024 0-1 (32)}) 6... Be7 $146 ({RR} 6... Be6 7. Be2 Nd7 8. O-O Bd6 9. c4 dxc4 10. Bxc4 Bxc4 11. bxc4 Qc7 12. Nc3 a6 13. Nd5 Qc6 14. Qb3 b5 15. Rac1 O-O 16. Rfd1 Rab8 17. Qc3 Kg7 18. d4 Rfc8 19. Qd3 bxc4 20. Qxc4 Nb6 21. Nxb6 {Principe,G (2213)-Lacasa Diaz,J (2351) chess.com INT 2023 1-0 (81)}) ({RR} 6... Nc6 7. d4 b6 8. Bb5 Bb7 9. O-O a6 10. Bd3 Bd6 11. Re1 O-O 12. g3 Qc7 13. Bf1 Rad8 14. a3 h5 15. Bg2 Ne7 16. Nbd2 Nf5 17. b4 Kg7 18. Rc1 Rfe8 19. bxc5 bxc5 20. c4 dxc4 21. Nxc4 {Nakamura,H (2786)-Caruana,F (2802) Chess.com INT 2017 ½-½ (73)}) ({RR} 6... Nc6 7. d4 Be6 8. g3 Bd6 9. dxc5 Bxc5 10. Bg2 O-O 11. O-O a5 12. a3 f5 13. Nbd2 Qf6 14. Nd4 Rfd8 15. N2f3 Bf8 16. Qd2 h5 17. h4 Ne5 18. Ng5 Bh6 19. Ne2 Rac8 20. a4 Nd7 21. Nf3 {Nakamura,H (2788)-Szpar,M (2485) chess.com INT 2023 1-0 (41)}) 7. d4 b6 8. Bb5+ Kf8 9. O-O Kg7 10. Be2 Be6 11. Ne1 h5 12. Nd3 Bd6 13. Bf3 Nd7 14. g3 h4 15. Nd2 Rc8 16. Bg2 f5 17. Rc1 Nf6 18. dxc5 bxc5 19. c4 hxg3 20. hxg3 Qg8 21. cxd5 Qh7 22. Re1 Bxd5 23. Bxd5 Nxd5 24. Qf3 Bxg3 25. Kf1 Qh1+ 26. Ke2 Qxf3+ 27. Nxf3 Bd6 28. Red1 Be7 29. Rc2 Nf6 30. Nde5 Ne4 31. Rd7 Kf6 32. Rxa7 g5 33. Nd2 Nd6 34. Ndc4 Rh2 35. Nd7+ Ke6 36. Ncb6 Rch8 37. Nxc5+ Kf6 38. Nd5+ Ke5 39. Nxe7 Rxf2+ 40. Kxf2 Rh2+ 41. Kg1 Rxc2 42. b4 f4 43. Nc6+ Kd5 44. Ne7+ Kc4 45. exf4 gxf4 46. Rc7 Rc1+ 47. Kg2 Kb5 48. a4+ Kxb4 49. Nd3+ 1-0

[Event "Titled Tue 19th Dec Late"]
[Site "chess.com INT"]
[Date "2023.12.19"]
[Round "9"]
[White "Keymer, Vincent"]
[Black "Drygalov, Sergey"]
[Result "1-0"]
[WhiteElo "2738"]
[BlackElo "2547"]
[PlyCount "71"]
[EventDate "2023.12.19"]

1. Nf3 c5 2. b3 d6 3. Bb2 e5 4. d3 Nf6 5. g3 Nc6 6. Bg2 g6 7. O-O Bg7 8. c4 O-O 9. Nc3 h6 10. a3 Be6 11. Rc1 ({RR} 11. b4 cxb4 12. axb4 Nxb4 13. Ba3 a5 14. Rb1 d5 15. Bxb4 axb4 16. Rxb4 dxc4 17. dxc4 Qa5 18. Qb3 Nd7 19. Rb5 Qa3 20. Qxa3 Rxa3 21. Nd5 Ra2 22. e3 Rc2 23. Rxb7 Rxc4 24. Nd2 Rc2 25. Ne4 Bxd5 {Kramnik,V (2753)-Firouzja,A (2723) Moscow 2019 1-0 (56)}) ({RR} 11. Ne1 d5 12. cxd5 Nxd5 13. Qd2 Nd4 14. Nxd5 Nxb3 15. Qc3 Nxa1 16. e4 Bxd5 17. exd5 f5 18. Bxa1 Qd6 19. Nc2 b5 20. a4 a6 21. Re1 Bf6 22. Qb3 Rab8 23. axb5 axb5 24. Ne3 h5 25. h4 Rf7 {Bus,T (2104)-Morris-Suzuki,A (1863) chess.com INT 2025 1-0 (37)}) 11... Rb8 12. Nd2 a6 13. Nd5 Qd7 $146 ({RR} 13... Nd7 14. Ne4 Nf6 15. Nexf6+ Bxf6 16. Nxf6+ Qxf6 17. f4 Qg7 18. b4 f6 19. bxc5 dxc5 20. fxe5 Nxe5 21. Qd2 Kh7 22. Qe3 Qc7 23. Rxf6 Ng4 24. Qf4 Qxf4 25. Rxf4 Rxf4 26. gxf4 b5 27. Bd5 Bf5 28. cxb5 {Pantsulaia,L (2561)-Xie,F (2244) Samarkand UZB 2023 1-0 (44)}) 14. f4 Nh7 15. e3 b5 16. Bc3 f5 17. h3 Ne7 18. Kh2 Rbe8 19. Qc2 Nxd5 20. cxd5 Bf7 21. e4 Nf6 22. fxe5 dxe5 23. Qb2 Nh5 24. Bf3 f4 25. Bxh5 fxg3+ 26. Kxg3 gxh5 27. b4 Bxd5 28. exd5 Qxd5 29. Qb3 c4 30. dxc4 Qd3+ 31. Kh2 Kh8 32. cxb5 Rd8 33. Qd1 Qg6 34. Qe2 Rd3 35. Rxf8+ Bxf8 36. Rg1 1-0

[Event "World Rapid 2023"]
[Site "Samarkand UZB"]
[Date "2023.12.26"]
[Round "1.24"]
[White "Daneshvar, Bardiya"]
[Black "Gukesh, D."]
[Result "1-0"]
[WhiteElo "2591"]
[BlackElo "2720"]
[PlyCount "104"]
[EventDate "2023.12.26"]
[EventType "rapid"]

1. Nf3 d5 2. g3 c6 3. Bg2 Bg4 4. h3 Bh5 5. c4 e6 6. d4 Nd7 7. cxd5 exd5 8. Nc3 Bd6 ({RR} 8... Ngf6 9. Ne5 Bd6 10. f4 Bg6 11. O-O Be4 12. Nxe4 Nxe4 13. Bxe4 dxe4 14. Qb3 Bxe5 15. dxe5 Nb6 16. Qb4 Qd5 17. b3 O-O-O 18. Be3 Qe6 19. Kh2 f6 20. Qxe4 fxe5 21. fxe5 Rd5 22. Bd4 Nd7 23. Rf2 {Giri,A (2749)-Maghsoodloo,P (2740) Wijk aan Zee NED 2024 ½-½ (63)}) ({RR} 8... Ngf6 9. Ne5 Nxe5 10. dxe5 Nd7 11. O-O Be7 12. f4 f5 13. Be3 Bc5 14. Bf2 Rc8 15. Na4 Bxf2+ 16. Rxf2 b5 17. Nc3 Nc5 18. Qd4 Qb6 19. Rc1 O-O 20. e3 Ne6 21. Qxb6 axb6 22. Rfc2 Rcd8 23. Kf2 {Keymer,V (2730)-Lodici,L (2556) Baden Baden GER 2025 ½-½ (62)}) 9. O-O Ngf6 10. Nd2 $146 ({RR} 10. Nh4 O-O 11. Nf5 Bc7 12. b4 Re8 13. Bf4 Bxf4 14. gxf4 Qc7 15. Qd2 Nb6 16. Ng3 Nc4 17. Qc1 Qb6 18. e3 Qxb4 19. Rb1 Qe7 20. Nxh5 Nxh5 21. Bxd5 cxd5 22. Nxd5 Qe6 23. Qxc4 Rad8 24. Rb5 Qxh3 {Zablotsky,S (2464)-Dreev,A (2606) Sochi RUS 2023 ½-½ (35)}) 10... Qc7 11. Qb3 O-O 12. e4 dxe4 13. Ndxe4 Nxe4 14. Nxe4 Nb6 15. a4 Bg6 16. Nxd6 Qxd6 17. a5 Nd5 18. a6 b6 19. Bd2 Rfe8 20. Rfe1 Bf5 21. Rac1 Be6 22. Qa4 Rac8 23. Kh2 Qd7 24. Rc2 Ne7 25. h4 h6 26. Bf4 Nd5 27. Bd2 b5 28. Qa3 Nf6 29. Qc5 Bd5 30. Rxe8+ Rxe8 31. Bxd5 cxd5 32. Bf4 Qf5 33. Kg2 Kh7 34. f3 Re1 35. Rf2 Kg8 36. Qc3 Qb1 37. Qc8+ Ne8 38. Kh3 Rh1+ 39. Rh2 Qf1+ 40. Kg4 h5+ 41. Kg5 f6+ 42. Kf5 Qd3+ 43. Ke6 Re1+ 44. Kxd5 Qb3+ 45. Kc6 Re7 46. Qf5 Re6+ 47. Kd7 Kf7 48. Qxh5+ g6 49. Qc5 b4 50. d5 Qa4+ 51. Kd8 Re1 52. Bh6 Ng7 1-0

[Event "World Rapid 2023"]
[Site "Samarkand UZB"]
[Date "2023.12.26"]
[Round "1.36"]
[White "Bharath, Subramaniyam H"]
[Black "Keymer, Vincent"]
[Result "1-0"]
[WhiteElo "2504"]
[BlackElo "2738"]
[PlyCount "93"]
[EventDate "2023.12.26"]
[EventType "rapid"]

1. Nf3 Nf6 2. g3 b5 3. Bg2 Bb7 4. Na3 a6 5. c4 bxc4 6. Nxc4 e6 7. O-O Be7 8. d3 c5 9. Qb3 Ra7 10. Bd2 $146 ({RR} 10. Qb6 Qxb6 11. Nxb6 Nc6 12. b3 d6 13. Bb2 e5 14. Nd2 Nb4 15. a3 Nbd5 16. Nxd5 Nxd5 17. e3 f6 18. d4 cxd4 19. exd4 Kf7 20. Nc4 Nc7 21. dxe5 dxe5 22. f4 exf4 23. Rxf4 Ne6 24. Rff1 Rd8 {Fridman,D (2590)-Keymer,V (2738) Karlsruhe GER 2024 ½-½ (63)}) 10... Nc6 11. Qa4 O-O 12. Rac1 a5 13. Bc3 d6 14. Rfd1 Nd7 15. e4 Nb4 16. Bxb4 cxb4 17. Qc2 Qa8 18. Nd4 Rc8 19. Qe2 Ra6 20. Nb5 Rac6 21. Qe3 Ne5 22. b3 Ng4 23. Qf4 Ne5 24. Nbxd6 Bxd6 25. Nxd6 Rxd6 26. Rxc8+ Qxc8 27. Qxe5 Rd7 28. Qxa5 Qc2 29. Bf3 Qc3 30. Qb5 Qd4 31. Rc1 h6 32. Be2 f5 33. Rc4 Qa1+ 34. Bf1 Rxd3 35. Qxb7 Rd1 36. Rc8+ Kh7 37. Qa6 fxe4 38. Kg2 Qf6 39. Qe2 Rd4 40. Rc4 Qe5 41. Rxd4 Qxd4 42. Qc4 Qe5 43. Qxb4 e3 44. Bd3+ Kg8 45. fxe3 Qxe3 46. Qb8+ Kf7 47. Qf4+ 1-0

[Event "World Rapid 2023"]
[Site "Samarkand UZB"]
[Date "2023.12.26"]
[Round "2.55"]
[White "Petrosian, TL."]
[Black "Suleymenov, Alisher"]
[Result "1-0"]
[WhiteElo "2561"]
[BlackElo "2513"]
[PlyCount "113"]
[EventDate "2023.12.26"]
[EventType "rapid"]

1. Nf3 Nf6 2. g3 d5 3. Bg2 c5 4. O-O g6 5. c4 Bg7 6. cxd5 ({RR} 6. Qa4+ Nc6 7. Ne5 Qd6 8. Nxc6 bxc6 9. cxd5 Nxd5 10. Nc3 O-O 11. Ne4 Qc7 12. Nxc5 Rb8 13. Rb1 Rd8 14. a3 Rb5 15. Qc2 h5 16. d3 h4 17. e4 h3 18. Bh1 Nc3 19. Bf4 e5 20. bxc3 exf4 {Rapport,R (2752)-Caruana,F (2782) Zagreb CRO 2023 0-1 (51)}) 6... Nxd5 7. Qa4+ ({RR} 7. Nc3 Nc7 8. Qc2 Nc6 9. d3 O-O 10. Be3 Na6 11. Rac1 e5 12. Ne4 b6 13. Nfd2 Bb7 14. Nc4 Nab4 15. Qb3 Nd5 16. Bxc5 Ba6 17. Bxf8 Bxf8 18. Ne3 Nxe3 19. fxe3 Na5 20. Qxf7+ Kh8 21. Nf6 Qe7 {Doknjas,N (2256)-Hernandez,A (2043) chess.com INT 2025 1-0}) 7... Nc6 $146 ({RR} 7... Nd7 8. Nc3 Nxc3 9. bxc3 a6 10. Rb1 Rb8 11. c4 O-O 12. d3 Qc7 13. Be3 b6 14. Nd2 Bb7 15. Bxb7 Qxb7 16. Ne4 Rfc8 17. Qa3 f5 18. Nc3 Bxc3 19. Qxc3 b5 20. cxb5 axb5 21. Bf4 Ra8 22. Qb3+ {Ernst,S (2540)-Slingerland,F (2344) Hoogeveen 2016 1-0 (37)}) 8. Qc4 Qd6 9. Ng5 Be6 10. Nxe6 fxe6 11. Nc3 Nd4 12. Ne4 Qd7 13. Nxc5 Qc6 14. e3 b5 15. Qd3 Qxc5 16. exd4 Bxd4 17. Qe4 Rd8 18. a4 b4 19. Qxe6 Rf8 20. Qe2 Rd6 21. Kh1 Rxf2 22. Rxf2 Bxf2 23. d4 Bxd4 24. Bd2 Bxb2 25. Rf1 Bf6 26. g4 Nc3 27. Qe1 Qe5 28. Qc1 Qe2 29. Bxc3 bxc3 30. Qf4 Rd2 31. Bc6+ Kf8 32. g5 Rd1 33. Qb8+ Kg7 34. gxf6+ Kh6 35. Rxd1 Qxd1+ 36. Kg2 Qg4+ 37. Qg3 Qe2+ 38. Qf2 Qg4+ 39. Qg3 Qxg3+ 40. Kxg3 exf6 41. Be4 f5 42. Bc2 Kg5 43. Bd1 h5 44. h4+ Kf6 45. Kf4 Ke6 46. Bb3+ Kd6 47. Ke3 Ke5 48. Kd3 f4 49. Bd1 Kf5 50. Kxc3 Ke4 51. Kd2 f3 52. Bc2+ Kf4 53. Bxg6 Kg3 54. Bxh5 f2 55. Be2 Kxh4 56. Ke3 Kg3 57. Bf1 1-0

[Event "World Rapid 2023"]
[Site "Samarkand UZB"]
[Date "2023.12.27"]
[Round "6.29"]
[White "Indjic, A."]
[Black "Esipenko, Andrey"]
[Result "1-0"]
[WhiteElo "2589"]
[BlackElo "2702"]
[PlyCount "93"]
[EventDate "2023.12.26"]
[EventType "rapid"]

1. Nf3 {Chessbase} d5 2. e3 Nf6 3. c4 e6 4. Nc3 c5 5. cxd5 exd5 6. d4 Nc6 7. Bb5 cxd4 8. Nxd4 Bd7 9. Nf3 Be6 ({RR} 9... Bb4 10. O-O Bxc3 11. bxc3 O-O 12. c4 a6 13. Bxc6 Bxc6 14. Ba3 ({RR} 14. cxd5 Qxd5 15. Qxd5 Bxd5 16. Bb2 Ne4 17. Rfd1 Rfd8 18. Rd4 Bc6 19. Rad1 Rxd4 20. Rxd4 f6 21. h3 Kf7 22. Nd2) 14... Re8 15. Nd4 dxc4 16. Nxc6 bxc6 17. Qc1 Ne4 18. f3 Ng5 19. e4 Qa5 20. Bd6 Rad8 21. Qa3 Qxa3 22. Bxa3 Rd3 23. Bb4 Rb8 24. a3 {Nepomniachtchi,I (2767)-Abdusattorov,N (2762) Saint Louis USA 2024 [Chessbase] ½-½ (66)}) ({RR} 9... Bg4 10. O-O Bd6 11. b3 O-O 12. Bb2 Re8 13. Be2 Rc8 14. h3 Bh5 15. Nh4 Bg6 16. Nxg6 hxg6 17. Nb5 Be5 18. Bxe5 Rxe5 19. Rc1 Qb6 20. Nd4 Rd8 21. Nxc6 bxc6 22. Qc2 Re6 23. Bf3 Nd7 24. Rfd1 {Kokoszczynski,J (2311)-Erigaisi,A (2801) chess.com INT 2025 0-1 (56)}) 10. Nd4 Bd7 11. O-O Bd6 12. b3 $146 ({RR} 12. Nf3 Be6 13. b3 O-O 14. Bb2 Rc8 15. Rc1 Qe7 16. h3 Rfd8 17. Ne2 Ne4 18. Nf4 Bxf4 19. exf4 f6 20. Re1 Qd6 21. Nd4 Nxd4 22. Qxd4 a6 23. Bd3 Bf5 24. Rxc8 Bxc8 25. Rd1 Nc5 26. Bc4 Be6 {Jacobson,B (2540)-Vakhlamov,I (2413) chess.com INT 2023 0-1 (63)}) ({RR} 12. Nf3 a6 13. Be2 Bg4 14. h3 Bh5 15. b3 O-O 16. Bb2 Re8 17. Nh4 Bg6 18. Nxg6 hxg6 19. Bf3 Be5 20. Rb1 d4 21. exd4 Nxd4 22. Bxb7 Ra7 23. Bf3 Rd7 24. Na4 Qa5 25. Kh1 Nxf3 26. Qxf3 Bxb2) 12... a6 13. Nxc6 bxc6 14. Bd3 Qb8 15. h3 Qb4 16. Na4 Qh4 17. Qc2 Rb8 18. Bb2 O-O 19. Bd4 Rfe8 20. f4 Ne4 21. Bxe4 Rxe4 22. Qf2 Qd8 23. Rac1 Re8 24. Nc5 Bc8 25. Rc3 a5 26. Rfc1 f6 27. Qd2 Qe7 28. Qd3 Rb4 29. Qd2 Rb5 30. Nd3 Bd7 31. Nc5 Bf5 32. Kf2 h5 33. Qd1 Qf7 34. g4 hxg4 35. hxg4 Bc8 36. Qf3 Be5 37. fxe5 fxe5 38. Qxf7+ Kxf7 39. Nd3 exd4 40. exd4 Re4 41. Rxc6 Bxg4 42. Ne5+ Kg8 43. Rg1 Bf5 44. Rf6 Rf4+ 45. Ke3 Re4+ 46. Kf3 Bc8 47. Rf7 1-0

[Event "World Rapid 2023"]
[Site "Samarkand UZB"]
[Date "2023.12.27"]
[Round "7.24"]
[White "Andreikin, D."]
[Black "Nesterov, Arseniy"]
[Result "1-0"]
[WhiteElo "2729"]
[BlackElo "2584"]
[PlyCount "65"]
[EventDate "2023.12.26"]
[EventType "rapid"]

1. Nf3 {Besenthal,Klaus Guenter} d5 2. g3 Nf6 3. Bg2 e6 4. O-O Be7 5. d3 O-O 6. Bf4 Bd6 ({RR} 6... Nc6 7. d4 b6 8. c4 Bb7 9. Nc3 Na5 10. cxd5 Nxd5 11. Nxd5 Bxd5 12. Qc2 Rc8 13. e4 Bb7 14. Rad1 Qd7 15. Ne5 Qb5 16. Rfe1 Rfd8 17. Bh3 Bb4 18. Re3 Bd6 19. d5 Bxe5 20. Bxe5 Nc4 21. Rb3 {Kramnik,V (2812)-Aronian,L (2792) Leuven 2016 CBM 173 [Besenthal,Klaus Guenter] 1-0 (36)}) ({RR} 6... Nc6 7. c4 d4 8. Na3 Nd7 9. Bd2 e5 10. Rb1 Nb4 11. Bxb4 Bxb4 12. Nc2 Be7 13. b4 a5 14. a3 Re8 15. Re1 c5 16. Nd2 Qc7 17. e3 dxe3 18. Nxe3 cxb4 19. Nd5 Qd8 20. axb4 Bxb4 21. Nxb4 {Andreikin,D (2729)-Fedoseev,V (2687) chess.com INT 2024 1-0 (43)}) 7. Bxd6 cxd6 8. c4 Nc6 ({RR} 8... Qb6 9. Qb3 Qxb3 10. axb3 Nc6 11. Nc3 dxc4 12. dxc4 Rd8 13. Rfd1 Kf8 14. Ne1 Ke7 15. Nd3 Bd7 16. b4 a6 17. b5 axb5 18. cxb5 Nd4 19. b6 Bc6 20. Ra7 Rxa7 21. bxa7 Ra8 22. Ra1 Nd7 23. e3 {Kushko,D (2445)-Sjugirov,S (2661) chess.com INT 2024 0-1 (48)}) 9. Qd2 $146 ({RR} 9. cxd5 Nxd5 10. Nbd2 Bd7 11. Rc1 Qe7 12. a3 Rfc8 13. Ne4 h6 14. Nc3 Nf6 15. e4 e5 16. h3 Nh7 17. Qd2 Ng5 18. Nxg5 hxg5 19. Ne2 Qf6 20. Qe3 Be6 21. b4 b6 22. f4 gxf4 23. gxf4 Qh6 {Triapishko,A (2506)-Sjugirov,S (2663) Sochi 2021 0-1 (53)}) 9... e5 10. cxd5 Nxd5 11. Rc1 h6 12. Nc3 Be6 13. Nxd5 Bxd5 14. e4 Be6 15. d4 Bg4 16. d5 Bxf3 17. dxc6 Bxg2 18. Kxg2 Qc7 19. Qd5 Rab8 20. b4 bxc6 21. Rxc6 Qe7 22. a3 Rb6 23. Rac1 Rxc6 24. Rxc6 Rd8 25. b5 Rd7 26. a4 Qd8 27. h4 h5 28. Ra6 g6 29. b6 Qb8 30. Qb5 Rb7 31. bxa7 Rxb5 32. axb5 Qa8 33. b6 1-0

[Event "World Rapid 2023"]
[Site "Samarkand UZB"]
[Date "2023.12.27"]
[Round "8.12"]
[White "Keymer, Vincent"]
[Black "Holt, C."]
[Result "1-0"]
[WhiteElo "2738"]
[BlackElo "2540"]
[PlyCount "103"]
[EventDate "2023.12.26"]
[EventType "rapid"]

1. Nf3 d5 2. e3 Bg4 3. c4 c6 4. Qb3 Qc7 5. d4 Bxf3 6. gxf3 Nf6 7. Nc3 e6 8. Bd2 $146 ({RR} 8. f4 Nbd7 9. Bd2 Nb6 10. cxd5 exd5 11. a3 Bd6 12. Bd3 O-O 13. O-O-O a5 14. Kb1 a4 15. Qc2 Nc4 16. Bxc4 dxc4 17. Ne4 {1-0 (17) Gatterer,F (2170)-Holt,C (2540) chess.com INT 2024}) 8... Be7 9. O-O-O O-O 10. Kb1 Nbd7 11. cxd5 Nxd5 12. Bd3 a5 13. Nxd5 cxd5 14. Rc1 Qb8 15. a3 Rd8 16. f4 Nf6 17. Qb6 Rd6 18. Qc7 Qf8 19. f5 Rd7 20. Qb6 Rd6 21. Qb5 Qd8 22. fxe6 Rxe6 23. Ka2 Rb6 24. Qa4 Bb4 25. Qd1 Bxd2 26. Qxd2 Ne4 27. Bxe4 dxe4 28. Rc5 h6 29. Rhc1 Rg6 30. Qc2 Rg2 31. Qxe4 Rxf2 32. Qxb7 Rb8 33. Qxb8 Qxb8 34. Rc8+ Qxc8 35. Rxc8+ Kh7 36. h4 g5 37. hxg5 hxg5 38. Rc5 g4 39. Rxa5 f5 40. Ra7+ Kg6 41. Ra8 Kf7 42. Rc8 g3 43. Rc1 Re2 44. Rf1 Rf2 45. Re1 Ke6 46. a4 Kd5 47. a5 Ke4 48. Kb3 g2 49. a6 Rf1 50. a7 g1=Q 51. a8=Q+ Kd3 52. Rxf1 1-0

[Event "World Rapid 2023"]
[Site "Samarkand UZB"]
[Date "2023.12.27"]
[Round "9.49"]
[White "Sjugirov, S."]
[Black "Iljiushenok, I."]
[Result "1-0"]
[WhiteElo "2703"]
[BlackElo "2547"]
[PlyCount "69"]
[EventDate "2023.12.26"]
[EventType "rapid"]

1. Nf3 d5 2. e3 Nf6 3. b3 c6 ({RR} 3... Bf5 4. Be2 h6 5. O-O e6 6. c4 c6 7. d3 Nbd7 8. cxd5 cxd5 9. Bb2 Be7 10. Nc3 O-O 11. Rc1 Rc8 12. Rc2 Bh7 {½-½ (12) Predojevic,B (2647)-Bluebaum,M (2605) Karlsruhe 2016}) 4. Be2 ({RR} 4. d3 Bf5 5. Nh4 Bg4 6. Nf3 Nbd7 7. h3 Bh5 8. g4 Bg6 9. Nh4 e5 10. Bb2 Bd6 11. Nd2 Qe7 12. a3 a5 13. Bg2 Nf8 14. Qe2 N6d7 15. Nf5 Bxf5 16. gxf5 Nf6 17. e4 d4 18. Nc4 N8d7 {Nakamura,H (2750)-Lazavik,D (2483) Chess.com INT 2022 ½-½ (69)}) 4... Bf5 5. Nh4 $146 ({RR} 5. Bb2 Nbd7 6. O-O e6 7. d4 Be7 8. Nbd2 O-O 9. c4 Rc8 10. a4 Bb4 11. c5 a5 12. Ne1 b6 13. cxb6 Qxb6 14. Ba3 c5 15. Bxb4 cxb4 16. Bd3 Bxd3 17. Nxd3 Rc7 18. Rc1 Rfc8 19. Qe2 Rxc1 {Etheve,L (1682)-Assie,J (1381) St Denis 2018 ½-½ (42)}) 5... Bd7 6. Bb2 Qc7 7. Nf3 Bf5 8. c4 e6 9. Nh4 Bg6 10. O-O Nbd7 11. d3 Rd8 12. Nd2 Bd6 13. g3 O-O 14. Rc1 Rfe8 15. Nxg6 hxg6 16. d4 e5 17. cxd5 Nxd5 18. e4 N5f6 19. d5 Bb4 20. Nf3 Qb6 21. dxc6 Nb8 22. Qc2 Nxc6 23. a3 Bf8 24. b4 a5 25. b5 Nd4 26. Bxd4 exd4 27. Ng5 Rd7 28. Bc4 Ng4 29. Qb3 Qf6 30. f4 d3 31. e5 Qf5 32. e6 Bc5+ 33. Kh1 fxe6 34. Bxe6+ Rxe6 35. Rxc5 1-0